01597nam a2200385 a 4500001001000000003000500010005001700015008004100032010001100073011001100084040000900095090001000104100003800114245017700152260004100329500006000370502011200430590003700542590004000579590004000619590004000659650004900699650004100748650003800789650004100827650005800868650002700926856001600953856007000969901000701039942001001046942000601056999001901062952013001081000114718CHAP20220329144454.0180323s2018 mx sm |||||||spa d a111179 a112151 cCHAP aTesis1 aCastillo López, Efraín92016010aPropuesta de alternativa alimenticia para las familias y ovinos en el ejido San Sebastián Yaxché, Peto., Yucatán, Méxicoh[En línea]cpor Efrain Castillo López. aChapingo, Méx. :bEl autor,c2018. aPara ver el contenido del material haga clic en la liga aTesis (Maestro en Gestión del Desarrollo Rural) -- UACH. Dirección de Centros Regionales Universitarios aBATCHb00c20181121lUCH01h0759 aE6339RRRb05c20180323lUCH01h1429 aE6339RRRb05c20180323lUCH01h1429 aE6339RRRb05c20180323lUCH01h143014aComunidades ruralesxAlimentación.913136014aDesarrollo ruralzYucatán.913121114aFamiliaxCalidad de vida.913232714aGanado lanarxAlimentación.94515314aMoringa oleifera como alimento para animales.913396014aYucaxConsumo.9130148 a1 n0001418 aFinding aiduhttp://10.13.5.2/tesis/sist114718.pdfzTeclea aquí aBK cLIBRO n0 c111179d111179 00102local4051708TESISaBCbBCcPA_TESISd2018-03-23fTESISl0oTesisp114718-10r2019-12-31 00:00:00w2019-12-31yTESIS